Normal view
MARC view
- Charles Nash Siddhartha Sen
Entry Personal Name
001 - CONTROL NUMBER
- control field: 20404
003 - CONTROL NUMBER IDENTIFIER
- control field: NUST
005 - DATE AND TIME OF LATEST TRANSACTION
- control field: 20190913055204.0
008 - FIXED-LENGTH DATA ELEMENTS
- fixed length control field: 190913|| aca||aabn | a|a d
040 ## - CATALOGING SOURCE
- Original cataloging agency: NUST
- Transcribing agency: NUST
100 ## - HEADING--PERSONAL NAME
- Personal name: Charles Nash Siddhartha Sen
670 ## - SOURCE DATA FOUND
- Source citation: Work cat.: (NUST): Charles Nash Siddhartha Sen , Topology and Geometry for Physicists, 1983
